Loading...
Literature - American Literature | 0 | 8 | 0 | 0 | 80 | 70 | 105.25 | 4 | 8 |
Fine Arts - Painting and Sculpture | 0 | 7 | 2 | 3 | 60 | 51 | 111.43 | 3 | 7 |
Science - Other Science | 0 | 4 | 0 | 1 | 40 | 46 | 96.50 | 1 | 4 |
Fine Arts - Other Fine Arts | 0 | 4 | 1 | 1 | 35 | 92 | 121.25 | 3 | 4 |
Mythology | 0 | 3 | 0 | 0 | 30 | 63 | 91.00 | 2 | 3 |
Literature - European Literature | 0 | 4 | 2 | 0 | 30 | 87 | 106.75 | 2 | 4 |
Literature - British Literature | 0 | 4 | 2 | 0 | 30 | 126 | 137.25 | 3 | 4 |
Fine Arts - Classical Music | 0 | 2 | 0 | 1 | 20 | 79 | 109.00 | 0 | 2 |
Geography | 0 | 2 | 1 | 1 | 15 | 90 | 110.00 | 0 | 2 |
History - European History | 0 | 2 | 1 | 1 | 15 | 72 | 86.00 | 0 | 2 |
Philosophy | 0 | 2 | 1 | 0 | 15 | 65 | 82.50 | 2 | 2 |
Religion | 0 | 2 | 2 | 0 | 10 | 98 | 107.50 | 2 | 2 |
Science - Chemistry | 0 | 1 | 0 | 1 | 10 | 127 | 127.00 | 1 | 1 |
Science - Biology | 0 | 1 | 0 | 1 | 10 | 137 | 137.00 | 0 | 1 |
Social Science | 0 | 1 | 1 | 0 | 5 | 66 | 66.00 | 1 | 1 |
Science - Physics | 0 | 1 | 1 | 1 | 5 | 123 | 123.00 | 0 | 1 |
History - American History | 0 | 3 | 5 | 1 | 5 | 85 | 109.67 | 0 | 3 |
Literature - World Literature | 0 | 1 | 1 | 0 | 5 | 111 | 111.00 | 1 | 1 |
History - World History | 0 | 1 | 2 | 0 | 0 | 113 | 113.00 | 0 | 1 |
Pop Culture | 0 | 0 | 1 | 0 | -5 | 0.00 | 0 | 0 | |
History - Other History | 0 | 0 | 3 | 0 | -15 | 0.00 | 0 | 0 |